[Event "Malaga"]
[Site "Malaga"]
[Date "1971.??.??"]
[Round "15"]
[White "Pomar Salamanca, Arturo"]
[Black "Timman, Jan H"]
[Result "1-0"]
[WhiteElo "2500"]
[BlackElo "2410"]

1.d4 Nf6 2.Nf3 c5 3.c4 cxd4 4.Nxd4 e6 5.Nc3 Bb4 6.Bd2 Nc6 7.e3 O-O 8.Be2 d5
9.O-O Nxd4 10.exd4 dxc4 11.Bg5 Bd7 12.Bxc4 Rc8 13.Qe2 Bc6 14.Rad1 Bxc3 15.bxc3 h6
16.Bh4 Bd5 17.Bxd5 exd5 18.Qb5 g5 19.Bg3 b6 20.Qd3 Qd7 21.Rc1 Rc4 22.Be5 Ne8
23.f4 f6 24.fxg5 hxg5 25.Bg3 Ng7 26.Rce1 Rcc8 27.h4 Qg4 28.hxg5 Qxg5 29.Bf4 Qh5
30.Re3 Rce8 31.Rg3 Re4 32.c4 Rfe8 33.cxd5 Kf7 34.Be5 Rh4 35.Rxf6+ Kg8 36.Rxg7+ Kxg7
37.Rg6+  1-0

[Event "NLD-ch"]
[Site "Leeuwarden"]
[Date "1972.??.??"]
[Round "1"]
[White "Timman, Jan H"]
[Black "Ree, Hans"]
[Result "1/2-1/2"]
[WhiteElo "2480"]
[BlackElo "2480"]

1.Nf3 Nf6 2.g3 g6 3.b3 Bg7 4.Bb2 O-O 5.Bg2 d6 6.d4 c6 7.O-O Nbd7 8.Nbd2 Qc7
9.a4 a5 10.e4 e5 11.Re1 exd4 12.Nxd4 Re8 13.f4 Nc5 14.h3 Bd7 15.Qf3 d5 16.e5 Nfe4
17.Nxe4 Nxe4 18.Qe3 f6 19.Bxe4 dxe4 20.exf6 Bxf6 21.Kg2 Qc8 22.Bc3 Bxh3+
23.Kh2 Bg7 24.Ne2 Bf5 25.Bxg7 Kxg7 26.Rad1 Qe6 27.Nd4 Qf6 28.Nxf5+ Qxf5 29.Rd6 Kg8
30.Qd4 Re7 31.Qc4+ Kg7 32.Qd4+ Kg8  1/2-1/2

[Event "NLD-ch"]
[Site "Leeuwarden"]
[Date "1972.??.??"]
[Round "4"]
[White "Kuijpers, Franciscus Antonius"]
[Black "Timman, Jan H"]
[Result "1/2-1/2"]
[WhiteElo "2400"]
[BlackElo "2480"]

1.e4 d6 2.d4 Nf6 3.Nc3 g6 4.f4 Bg7 5.Nf3 O-O 6.Bd3 Nc6 7.e5 dxe5 8.fxe5 Nh5
9.Be3 Bg4 10.Be2 f6 11.exf6 exf6 12.O-O Re8 13.Qd2 Nb4 14.Bf2 Nd5 15.Nxd5 Qxd5
16.Rfe1 Qd6 17.h3 Be6 18.c4 c6 19.Rad1 Bf7 20.b3 Re7 21.Bf1 Rae8 22.Rxe7 Rxe7
23.Re1 Rxe1 24.Qxe1 Bh6 25.Be3 Bxe3+ 26.Qxe3 a5 27.Nh2 Ng7 28.Bd3 Ne6 29.Nf3 Nf4
30.Bf1 g5 31.Qc3 h5 32.Nd2 Bg6 33.c5 Qe7 34.Nc4 a4 35.Nd6 a3 36.b4 Kg7 37.Kf2 f5
38.Qxa3 Qf6 39.Qe3 Nd5 40.Qe5 Nxb4 41.a4 Nc2 42.Nxb7 Nxd4 43.Qxf6+ Kxf6 44.a5 Ne6
45.Nd8 Nxc5 46.a6 Na4 47.a7 Nb6 48.Ba6 c5 49.Nb7 Be8 50.Na5 Bf7 51.Bb7 Ke5
52.a8=Q Nxa8 53.Bxa8 h4 54.Bf3 Be6 55.Nc6+ Kf4 56.Ne7 g4  1/2-1/2

[Event "NLD-ch"]
[Site "Leeuwarden"]
[Date "1972.??.??"]
[Round "7"]
[White "Timman, Anton P"]
[Black "Timman, Jan H"]
[Result "1/2-1/2"]
[WhiteElo "2325"]
[BlackElo "2480"]

1.c4 e6 2.d4 d5 3.Nc3 Be7 4.Nf3 Nf6 5.Bg5 O-O 6.e3 h6 7.Bh4 b6 8.cxd5 Nxd5
9.Bxe7 Qxe7 10.Nxd5 exd5 11.Be2 Be6  1/2-1/2

[Event "Skopje ol (Men) prel"]
[Site "Skopje"]
[Date "1972.??.??"]
[Round "7"]
[White "Sacarello, Felix"]
[Black "Timman, Jan H"]
[Result "1/2-1/2"]
[WhiteElo "2200"]
[BlackElo "2480"]

1.e4 c6 2.d4 d5 3.Nd2 dxe4 4.Nxe4 Bf5 5.Ng3 Bg6 6.Nf3 Nd7 7.Bd3 Bxd3 8.Qxd3 Qc7
9.Be3 e6 10.O-O-O Ngf6 11.Ng5  1/2-1/2

[Event "London"]
[Site "London"]
[Date "1973.??.??"]
[Round "?"]
[White "Timman, Jan H"]
[Black "Keene, Raymond D"]
[Result "1-0"]
[WhiteElo "2470"]
[BlackElo "2445"]

1.c4 Nf6 2.Nc3 e6 3.d4 Bb4 4.e3 O-O 5.Bd3 b6 6.Ne2 d5 7.cxd5 exd5 8.a3 Bd6
9.b4 Bb7 10.Qc2 a6 11.O-O Qe7 12.f3 Re8 13.Ng3 g6 14.e4 Bxg3 15.hxg3 Nc6
16.Qf2 dxe4 17.fxe4 Ng4 18.Qf4 h5 19.Nd5 Qd7 20.Be2 Re6 21.Bxg4 hxg4 22.Bb2 f5
23.exf5 Qxd5 24.fxe6 Ne5 25.Rf2 Nd3 26.Qf7+ Kh8 27.Re2 Rg8 28.Qf6+ Kh7 29.Qh4+ Kg7
30.Rf1  1-0

[Event "Sochi"]
[Site "Sochi"]
[Date "1973.??.??"]
[Round "12"]
[White "Timman, Jan H"]
[Black "Kholmov, Ratmir D"]
[Result "1/2-1/2"]
[WhiteElo "2480"]
[BlackElo "2550"]

1.e4 e5 2.Nf3 Nc6 3.Bb5 a6 4.Bxc6 dxc6 5.O-O Bg4 6.h3 Bxf3 7.Qxf3 Bc5 8.Qg3 Qf6
9.d3 Ne7 10.Be3 Bd6 11.Nd2 O-O 12.Qg4 Ng6 13.Bg5 Qe6 14.Qxe6 fxe6 15.Be3 Rf7
16.g3 Nf8 17.Nc4 Nd7 18.Kg2 a5 19.a4 Bb4 20.f3 Rff8 21.c3 Be7 22.Kf2 Ra6
23.Ra2 Rfa8 24.Rfa1 b6 25.Ke2 c5 26.h4 h6 27.Bf2 c6 28.g4 Bd8 29.Bg3 R6a7
30.Rd1 Bc7 31.d4 exd4 32.Bxc7 Rxc7 33.cxd4 cxd4 34.Rxd4 Rb8 35.Ra1 Kf7 36.Rad1 Ke7
37.Rd6 Nc5 38.Ne5 Rbc8 39.R6d4 Kf6 40.f4 g5 41.Ke3 b5 42.axb5 cxb5 43.hxg5+ hxg5
44.Rh1 gxf4+ 45.Kxf4 Kg7 46.g5 Rf8+ 47.Ke3 Rh8 48.Rxh8 Kxh8 49.Rd6 b4 50.Rb6 Na4
51.Rb8+ Kg7 52.Nd3 Nc5 53.Nf4 e5 54.Ne2 Rb7 55.Ra8 a4 56.Ra5 a3 57.bxa3 b3
58.Rxc5 b2 59.Nc3 Rb3 60.Kd2 Rxc3 61.Rb5 Rxa3 62.Rxb2  1/2-1/2

[Event "IBM"]
[Site "Amsterdam"]
[Date "1974.??.??"]
[Round "5"]
[White "Timman, Jan H"]
[Black "Langeweg, Kick"]
[Result "0-1"]
[WhiteElo "2540"]
[BlackElo "2390"]

1.e4 c5 2.Nf3 d6 3.d4 cxd4 4.Nxd4 Nf6 5.Nc3 g6 6.f4 Nc6 7.Nxc6 bxc6 8.e5 Nd7
9.exd6 exd6 10.Qd4 Nf6 11.b3 Bg7 12.Bb2 O-O 13.O-O-O Bg4 14.Be2 Nd5 15.Qxg7+ Kxg7
16.Nxd5+ f6 17.Bxg4 cxd5 18.Be6 Re8 19.Rhe1 Rc8 20.Rd2 h5 21.Re3 Rc7 22.Bd4 Kh6
23.Rde2 f5 24.g3 Qa8 25.h3 Rf8 26.Rf2 Qc6 27.c3 a5 28.g4 a4 29.b4 Qc4 30.Kd1 Rb8
31.a3 Qb3+ 32.Ke2 Qxa3 33.gxf5 Qb2+ 34.Kf3 Qb1 35.fxg6 a3 36.Bxd5 Qh1+ 37.Rg2 Qxh3+
38.Ke2 Qh4 39.f5 Rxb4 40.Kd3 Rxd4+ 41.cxd4 Qf6 42.Be6 Ra7 43.Rf3 d5 44.Bxd5 Rd7
45.Rf4 Qd6 46.g7 Rxg7 47.Rxg7 Qxf4 48.Rg6+ Kh7 49.Rg2 h4 50.Ra2 h3 51.f6 h2
52.f7 Qf5+ 53.Kc3 Qxd5 54.f8=Q h1=Q 55.Qe7+ Kg6 56.Qe8+ Kh7 57.Qe7+  0-1

[Event "IBM"]
[Site "Amsterdam"]
[Date "1974.??.??"]
[Round "9"]
[White "Planinec, Albin"]
[Black "Timman, Jan H"]
[Result "1-0"]
[WhiteElo "2545"]
[BlackElo "2540"]

1.e4 e6 2.d4 d5 3.Nc3 Bb4 4.e5 c5 5.a3 Bxc3+ 6.bxc3 Ne7 7.Nf3 Nbc6 8.Be2 Qa5
9.Bd2 c4 10.Ng5 h6 11.Nh3 Ng6 12.Bh5 Nce7 13.a4 Bd7 14.O-O O-O-O 15.Qe1 Kb8
16.Bc1 Rc8 17.Ba3 Qd8 18.a5 Rg8 19.Qc1 Rc6 20.a6 b6 21.f4 f5 22.exf6 gxf6
23.f5 Nxf5 24.Rxf5 exf5 25.Qxh6 f4 26.Bxg6 Bxh3 27.Qxh3 Rxg6 28.Qh7  1-0

[Event "Nice olm prel"]
[Site "Nice"]
[Date "1974.??.??"]
[Round "1"]
[White "Robatsch, Karl"]
[Black "Timman, Jan H"]
[Result "1-0"]
[WhiteElo "2440"]
[BlackElo "2540"]

1.c4 Nf6 2.Nc3 e6 3.Nf3 Bb4 4.Qc2 O-O 5.a3 Bxc3 6.Qxc3 d6 7.d3 e5 8.e3 b6
9.Be2 Bb7 10.O-O Nbd7 11.b4 c5 12.Bb2 Qe7 13.Rfe1 Rfe8 14.e4 Nf8 15.bxc5 bxc5
16.Bd1 Bc6 17.Qa5 Qd7 18.Nd2 Rab8 19.Rb1 Ne6 20.Bc2 Nf4 21.Nf1 h6 22.Ne3 Nh7
23.f3 Ng5 24.Qd2 Re6 25.Bc3 Rf8 26.Bd1 Rg6 27.Kh1 h5 28.g3 Nfe6 29.Nf5 Rf6
30.Rf1 Nh7 31.Ne3 Nd4 32.Nd5 Rg6 33.f4 f5 34.Bxd4 cxd4 35.Bxh5 Rh6 36.Bf3 exf4
37.Qxf4 fxe4 38.Qxe4 Ng5 39.Ne7+ Kh8 40.Ng6+ Kg8 41.Ne7+ Kh8 42.Ng6+ Kg8
43.Qxc6 Nxf3 44.Qd5+ Qf7 45.Qxf7+ Rxf7 46.Nh4 Rhf6 47.Nxf3 Rxf3 48.Kg2 Rxf1
49.Rxf1 Rb7 50.Rf4 Rb6 51.a4 Ra6 52.Rxd4 Kf7 53.Rd5 Rc6 54.Kf3 Ke7 55.Rg5  1-0

[Event "Nice olm fin-A"]
[Site "Nice"]
[Date "1974.??.??"]
[Round "2"]
[White "Timman, Jan H"]
[Black "Byrne, Robert E"]
[Result "0-1"]
[WhiteElo "2540"]
[BlackElo "2595"]

1.c4 e6 2.Nc3 d5 3.d4 Nf6 4.Bg5 Be7 5.e3 Nbd7 6.Rc1 O-O 7.cxd5 exd5 8.Bd3 Re8
9.Nge2 Nf8 10.O-O Ng6 11.b4 a6 12.Qb3 c6 13.Bxf6 Bxf6 14.a4 Be6 15.Bxg6 hxg6
16.Nf4 Bf5 17.Nce2 Qd6 18.Rc3 Be7 19.b5 axb5 20.axb5 g5 21.Ng3 Bh7 22.Nfe2 Reb8
23.Rfc1 Ra5 24.bxc6 bxc6 25.Qd1 Ra6 26.f3 Qe6 27.e4 Bb4 28.Re3 f5 29.Rb3 dxe4
30.fxe4 f4 31.Qd3 fxg3 32.Rxb4 Rxb4 33.Qxa6 gxh2+ 34.Kxh2 Bxe4 35.Ng3 Bxg2
36.Qe2 Qh3+ 37.Kg1 Bd5  0-1

[Event "Nice olm prel"]
[Site "Nice"]
[Date "1974.??.??"]
[Round "3"]
[White "Timman, Jan H"]
[Black "Hug, Werner"]
[Result "1-0"]
[WhiteElo "2560"]
[BlackElo "2425"]

1.e4 e6 2.d4 d5 3.Nc3 Bb4 4.e5 c5 5.a3 Ba5 6.b4 cxd4 7.Qg4 Ne7 8.Nb5 Bc7
9.Qxg7 Rg8 10.Qxh7 Nbc6 11.f4 a6 12.Nxc7+ Qxc7 13.Qd3 Bd7 14.Nf3 Nf5 15.g4 Ne3
16.Bxe3 dxe3 17.Qxe3 d4 18.Qd2 Rxg4 19.Kf2 O-O-O 20.Rg1 Rxg1 21.Kxg1 f6 22.exf6 Rf8
23.Re1 Rxf6 24.Re4 Rg6+ 25.Kf2 Qd8 26.a4 Qb6 27.b5 axb5 28.axb5 d3+ 29.Qe3 Qxb5
30.Bxd3 Qh5 31.f5 Rf6 32.Rh4 Qe8 33.Ra4 Kc7 34.Nd4 exf5 35.Nb5+  1-0

[Event "Nice olm fin-A"]
[Site "Nice"]
[Date "1974.??.??"]
[Round "6"]
[White "Timman, Jan H"]
[Black "Padevsky, Nikola"]
[Result "1/2-1/2"]
[WhiteElo "2540"]
[BlackElo "2480"]

1.c4 f5 2.Nf3 Nf6 3.g3 e6 4.Bg2 Be7 5.O-O O-O 6.d3 d6 7.Nc3 Nc6 8.e4 e5 9.h3 Kh8
10.exf5 Bxf5 11.d4 Nd7 12.Nd5 Bf6 13.Be3 exd4 14.Nxd4 Bxd4 15.Bxd4 Nde5 16.Nf4 Nxd4
17.Qxd4 c5 18.Qd5 Qc7 19.Rad1 Rad8 20.Rfe1 b6 21.b3 a6 22.Be4 Bc8 23.Ne6 Bxe6
24.Qxe6 Nc6 25.Bxc6 Qxc6 26.Qd5 Qxd5 27.Rxd5 Kg8 28.Re6 Rf6 29.Rxf6 gxf6
30.a4 Kf7 31.Kf1 Ke6 32.Rh5 Rd7 33.Ke2 b5 34.Kd3 bxa4 35.bxa4 Rb7 36.Kc3 Rb1
37.Rxh7 Rf1 38.Rh4 Rxf2 39.Re4+ Kd7 40.Rf4 Rg2 41.Rf3  1/2-1/2

[Event "Nice olm fin-A"]
[Site "Nice"]
[Date "1974.??.??"]
[Round "7"]
[White "Toran Albero, Roman"]
[Black "Timman, Jan H"]
[Result "1-0"]
[WhiteElo "2420"]
[BlackElo "2540"]

1.Nf3 g6 2.c4 Bg7 3.Nc3 c5 4.g3 Nc6 5.Bg2 e6 6.O-O Nge7 7.e3 Nf5 8.b3 O-O
9.Bb2 d6 10.d3 Rb8 11.Qd2 b6 12.Ne2 Ne5 13.d4 Nxf3+ 14.Bxf3 Qf6 15.Bg2 Bb7
16.Rab1 Bxg2 17.Kxg2 Qg5 18.Kh1 Qg4 19.f3 Qg5 20.f4 Qe7 21.e4 Nxd4 22.Nxd4 cxd4
23.Bxd4 e5 24.Bb2 exf4 25.Qxf4 Be5 26.Bxe5 dxe5 27.Qe3 Rbd8 28.Rbd1 Rxd1
29.Rxd1 h5 30.Kg2 h4 31.Rd5 Kg7 32.Qc3 Re8 33.Qd2 Rh8 34.Qc3 Rh5 35.Qf3 hxg3
36.hxg3 Qe6 37.Kg1 Rg5 38.Kg2 Rh5 39.Kg1 Qh3 40.Rd2 Rh4 41.Rf2  1-0

[Event "Nice olm fin-A"]
[Site "Nice"]
[Date "1974.??.??"]
[Round "9"]
[White "Gligoric, Svetozar"]
[Black "Timman, Jan H"]
[Result "1/2-1/2"]
[WhiteElo "2585"]
[BlackElo "2540"]

1.d4 Nf6 2.c4 c5 3.d5 g6 4.Nc3 d6 5.e4 Bg7 6.Nf3 O-O 7.Be2 e6 8.O-O Re8 9.h3 exd5
10.exd5 Bf5 11.Bd3 Ne4 12.Nxe4 Bxe4 13.Bxe4 Rxe4 14.Qd3 Re8 15.Bf4 Qb6 16.Rae1 Nd7
17.b3 Nf6 18.Bd2 Rxe1 19.Rxe1 Re8 20.Rxe8+ Nxe8 21.Qe3 Qd8 22.b4 b6 23.Qa3 Qd7
24.bxc5 dxc5 25.Bf4 Bf8 26.Qe3 Nd6 27.Bxd6 Bxd6 28.Ng5 Qf5 29.g4 Qf4 30.Ne4 Qxe3
31.fxe3 Be5 32.g5 Kg7 33.Kf2 h6 34.h4 h5 35.a4 a5 36.Nd2 f5 37.gxf6+ Kxf6
38.Kf3 Bc7 39.Ne4+ Ke5 40.Nf2 Kf5 41.Nd3 Bd6  1/2-1/2

[Event "Sombor"]
[Site "Sombor"]
[Date "1974.??.??"]
[Round "9"]
[White "Rukavina, Josip"]
[Black "Timman, Jan H"]
[Result "1/2-1/2"]
[WhiteElo "2450"]
[BlackElo "2540"]

1.Nf3 Nf6 2.c4 g6 3.Nc3 d5 4.d4 Bg7 5.Bg5 Ne4 6.Bh4 c5 7.e3 cxd4 8.exd4 Nc6
9.cxd5 Nxc3 10.bxc3 Qxd5 11.Be2 O-O 12.O-O e5 13.c4 Qe4 14.d5 Nd4 15.Nxd4 Qxh4
16.Nb5 e4 17.Rc1 Be5 18.g3 Qf6 19.Qd2 Bh3 20.Rfd1 b6 21.Qe3 Bd7  1/2-1/2

[Event "Hoogovens"]
[Site "Wijk aan Zee"]
[Date "1974.??.??"]
[Round "3"]
[White "Timman, Jan H"]
[Black "Matulovic, Milan"]
[Result "1/2-1/2"]
[WhiteElo "2540"]
[BlackElo "2530"]

1.Nf3 g6 2.d4 Bg7 3.e4 d6 4.Be2 Nf6 5.Nc3 O-O 6.O-O Bg4 7.Be3 Nc6 8.Qd2 e5
9.dxe5 dxe5 10.Rad1 Qc8 11.Qc1 Rd8 12.Rxd8+ Qxd8 13.Rd1 Qf8 14.h3 Bxf3 15.Bxf3 a6
16.Nd5 Nxd5 17.Rxd5 Nd4 18.Bxd4 exd4 19.Qf4 Qe7 20.e5 Re8 21.Qxd4 Bxe5 22.Qd3 Bd6
23.g3 Qe1+ 24.Kg2 Qc1 25.b3 Re1 26.Bd1  1/2-1/2

[Event "Hoogovens"]
[Site "Wijk aan Zee"]
[Date "1974.??.??"]
[Round "11"]
[White "Quinteros, Miguel A"]
[Black "Timman, Jan H"]
[Result "1/2-1/2"]
[WhiteElo "2495"]
[BlackElo "2540"]

1.d4 g6 2.c4 Bg7 3.Nc3 Nf6 4.e4 d6 5.Nf3 O-O 6.h3 c5 7.d5 e5 8.g4 Na6 9.Bd3 Nc7
10.Be3 Rb8 11.Nd2 a6 12.a4 Bd7 13.a5 b6 14.axb6 Rxb6 15.b3 Nfe8 16.h4 Bf6
17.Qf3 Ng7 18.Qg3 h5 19.f3 g5 20.Qg1 gxh4 21.g5 Be7 22.Rxh4 Be8 23.Rh2 f6
24.gxf6 Bxf6 25.Rg2 Rf7 26.Qh2 h4 27.Kf2 Bd7 28.Rag1 Ne8 29.Rg6 Qb8 30.Bc2 a5
31.Bd1 a4 32.bxa4 Rb2 33.Nb5 Bd8 34.Ke2 Qb6 35.Qg2 Bf6 36.Bh6 h3 37.Qg3 Qa5
38.Nxd6 h2 39.Qxh2 Nxd6 40.Rxf6 Nxc4 41.Ke1 Nxd2 42.Bxd2 Rxd2 43.Qxd2 Qxd2+
44.Kxd2 Rxf6 45.Rg5 Kf7 46.Rxe5 Ra6 47.Rg5 Bxa4 48.Be2 Rb6 49.Bc4 Rb2+ 50.Kc3 Rf2
51.d6+ Kf6 52.Rxc5 Rxf3+ 53.Kb4 Bd7 54.Rc7 Be8 55.d7 Bxd7 56.Rxd7 Rf4 57.Rf7+ Ke5
58.Rxg7 Kxe4 59.Rg3 Kd4 60.Rd3+ Ke4 61.Kc3 Ke5 62.Rg3 Rh4 63.Bd3 Kf4 64.Rg8 Ke5
65.Re8+ Kd5 66.Rf8 Ke5 67.Rf5+ Ke6 68.Ra5 Kf6 69.Kd2 Rh3 70.Ke2 Rg3 71.Be4 Rg5
72.Ra6+ Ke5 73.Ke3 Rg3+ 74.Bf3 Rg5 75.Ra5+ Kf6 76.Ra4 Ke5 77.Re4+ Kd6 78.Ra4 Ke5
79.Bg4 Kd6 80.Kf4 Rb5 81.Bf3 Rc5 82.Ra6+ Ke7 83.Ke4 Rb5 84.Bg4 Rb4+ 85.Kf5 Rb5+
86.Kg6 Re5 87.Bf5 Re1 88.Kg5 Re2 89.Rb6 Re1 90.Kf4 Re2 91.Be4 Re1 92.Ke5 Re2
93.Rb7+ Ke8 94.Kd5 Kf8 95.Ke5 Ke8 96.Ra7 Re1 97.Kd5 Kf8 98.Rh7 Re2 99.Bf5 Re7
100.Rh1 Re2 101.Be4 Ke7 102.Rf1 Rd2+ 103.Ke5 Re2 104.Rb1 Kd7 105.Rb7+ Ke8
106.Kf5 Kd8 107.Rb4 Ke7 108.Rb6 Rf2+ 109.Ke5  1/2-1/2

[Event "Amsterdam"]
[Site "Amsterdam"]
[Date "1976.??.??"]
[Round "2"]
[White "Timman, Jan H"]
[Black "Browne, Walter S"]
[Result "1-0"]
[WhiteElo "2550"]
[BlackElo "2585"]

1.e4 c5 2.Nf3 d6 3.d4 cxd4 4.Nxd4 Nf6 5.Nc3 a6 6.Bg5 e6 7.f4 Be7 8.Qf3 Qc7
9.O-O-O Nbd7 10.Bd3 h6 11.Qh3 Nb6 12.Rhf1 Bd7 13.Bh4 Rc8 14.Qg3 e5 15.fxe5 dxe5
16.Nf5 Bxf5 17.Bxf6 Bxf6 18.Rxf5 Qe7 19.Rdf1 Rc6 20.a4 Bg5+ 21.Kb1 O-O 22.Nd5 Nxd5
23.exd5 Rb6 24.Qxe5 Qxe5 25.Rxe5 Bf6 26.Rxf6 Rxf6 27.c4 Rf4 28.a5 f6 29.Re6 Rc8
30.d6 Rd8 31.c5 f5 32.Re7 Rb4 33.Kc2 Kf8 34.Kc3 Rg4 35.Rxb7 Rxg2 36.Bc4 Rxh2
37.Rf7+ Ke8 38.Rxg7 Rh3+ 39.Kd4 f4 40.Rg8+ Kd7 41.c6+  1-0

[Event "Amsterdam"]
[Site "Amsterdam"]
[Date "1976.??.??"]
[Round "5"]
[White "Timman, Jan H"]
[Black "Karpov, Anatoly"]
[Result "1/2-1/2"]
[WhiteElo "2550"]
[BlackElo "2695"]

1.d4 Nf6 2.c4 e6 3.Nc3 Bb4 4.Bg5 c5 5.d5 d6 6.e3 exd5 7.cxd5 Nbd7 8.Bd3 Qa5
9.Ne2 Nxd5 10.O-O Bxc3 11.bxc3 c4 12.Bf5 f6 13.Nd4 Ne7 14.Bxd7+ Bxd7 15.Bf4 O-O
16.Bxd6 Rfe8 17.Rb1 b6 18.Bxe7 Rxe7 19.Nb5 Rc8 20.Nd6 Rc7 21.Rb4 Be6 22.Qf3 Qd5
23.Qxd5 Bxd5 24.Rd1 Be6 25.Rd4 Red7 26.f3 Kf8 27.Nb5 Rc5 28.a4 a6 29.Na3 Rxd4
30.exd4 Rc6 31.Nc2 a5 32.Rb2 Ke7 33.d5 Bxd5 34.Nd4 Rc5 35.Rxb6 h5 36.Kf2 Kd7
37.h4 Kc7 38.Re6 Kd7 39.Rb6 Kc7 40.Re6 Kd7 41.Ra6 Bb7 42.Rb6 Kc7 43.Re6 Kd7
44.Rb6 Kc7 45.Re6  1/2-1/2

[Event "Amsterdam"]
[Site "Amsterdam"]
[Date "1976.??.??"]
[Round "6"]
[White "Browne, Walter S"]
[Black "Timman, Jan H"]
[Result "1-0"]
[WhiteElo "2585"]
[BlackElo "2550"]

1.e4 c5 2.Nf3 e6 3.d4 cxd4 4.Nxd4 Nf6 5.Nc3 d6 6.Be2 Be7 7.O-O Nc6 8.Be3 Bd7
9.f4 Nxd4 10.Bxd4 Bc6 11.Qe1 O-O 12.Qg3 g6 13.Qe3 Qa5 14.e5 dxe5 15.fxe5 Nd7
16.Bf3 Bxf3 17.Rxf3 Bc5 18.Re1 Bxd4 19.Qxd4 Qb6 20.Qxb6 Nxb6 21.Ne4 Rac8
22.c3 Rc7 23.h3 Nd5 24.c4 Nb4 25.Nd6 a6 26.Re2 Rd8 27.a3 Nc6 28.Rd3 b6 29.b4 a5
30.c5 bxc5 31.bxc5 Nb8 32.Rc3 Rc6 33.Rd2 Na6 34.Rdc2 Rd7 35.Kf2 Rdc7 36.Ne4 Rc8
37.Ke3 Rb8 38.Rd2 Nc7 39.Nf6+ Kg7 40.Rd6 Nb5 41.Rxc6 Nxc3 42.Rb6 Rd8 43.Rd6 Rc8
44.c6 g5 45.Kd4 Na4 46.c7 Kg6 47.Ne8  1-0

[Event "Haifa ol (Men)"]
[Site "Haifa"]
[Date "1976.??.??"]
[Round "?"]
[White "Timman, Jan H"]
[Black "Byrne, Robert E"]
[Result "1-0"]
[WhiteElo "2550"]
[BlackElo "2540"]

1.e4 c5 2.Nf3 Nc6 3.d4 cxd4 4.Nxd4 Nf6 5.Nc3 d6 6.Bg5 e6 7.Qd2 a6 8.O-O-O h6
9.Be3 Bd7 10.f4 b5 11.Bd3 Be7 12.Kb1 O-O 13.h3 Nxd4 14.Bxd4 b4 15.Ne2 d5
16.e5 Ne8 17.g4 f6 18.h4 f5 19.Rdg1 Bb5 20.gxf5 Bxd3 21.Qxd3 Rxf5 22.Be3 Qc8
23.Nd4 Rf7 24.Rg6 Qc4 25.Nxe6 Qxd3 26.cxd3 Rc8 27.Rhg1 Bxh4 28.Rxh6 Be7 29.Rh5  1-0

[Event "Haifa ol (Men)"]
[Site "Haifa"]
[Date "1976.??.??"]
[Round "?"]
[White "Timman, Jan H"]
[Black "Unzicker, Wolfgang"]
[Result "1/2-1/2"]
[WhiteElo "2550"]
[BlackElo "2530"]

1.d4 Nf6 2.c4 e6 3.Nc3 Bb4 4.Bg5 h6 5.Bh4 c5 6.d5 b5 7.dxe6 fxe6 8.cxb5 d5
9.e3 O-O 10.Bd3 d4 11.exd4 cxd4 12.a3 Ba5 13.b4 dxc3 14.bxa5 Bb7 15.Ne2 Qxa5
16.O-O Nbd7 17.Bc4 Nd5 18.Be7 Rf7 19.Bb4 Qb6 20.Bxc3 Ne3 21.Bd4 Nxd1 22.Bxb6 Nxb6
23.Bxe6 Nb2 24.Rfc1 Bd5 25.Bxf7+ Bxf7 26.Nd4 N2a4 27.h3 a6 28.bxa6 Rxa6 29.Rab1 Ra7
30.Rb4 Kh7 31.Nb5 Ra5 32.Rc7 Be8 33.Nd6 Bg6 34.Rc6 Nd7 35.Rc7 Nab6 36.Nc4 Nxc4
37.Rbxc4 Nf6 38.Rc3 Be8 39.Rb3 h5 40.Rbb7 Bd7 41.Ra7 Rd5 42.a4 Rd1+ 43.Kh2 Rd2
44.f3 Ra2 45.h4 Kg8 46.a5 Kf8 47.Rc5 Kf7 48.Re5 Kf8 49.Kg3 Be8 50.Ra8 Kf7
51.Ra7+ Kf8 52.Rb7 Nd7 53.Rg5 g6 54.Rb4 Bf7 55.Kf4 Nf6 56.Rd4 Ke7 57.g3 Nd7
58.Rb5 Nf8 59.Re4+ Ne6+ 60.Ke3 Ra3+ 61.Kf2 Ra2+ 62.Ke3 Ra3+ 63.Ke2 Ra2+ 64.Kd3 Kd6
65.Rc4 Be8 66.Rb6+ Kd5 67.Rc8 Bd7 68.Rg8  1/2-1/2

[Event "Leeuwarden m"]
[Site "Leeuwarden"]
[Date "1976.??.??"]
[Round "1"]
[White "Timman, Jan H"]
[Black "Kortschnoj, Viktor"]
[Result "1/2-1/2"]
[WhiteElo "2550"]
[BlackElo "2670"]

1.d4 Nf6 2.c4 e6 3.Nc3 Bb4 4.Bg5 c5 5.d5 Bxc3+ 6.bxc3 d6 7.e3 e5 8.f3 Nbd7
9.Bd3 Nf8 10.Ne2 Ng6 11.O-O h6 12.Bxf6 Qxf6 13.Ng3 O-O 14.Qc2 Qg5 15.Qd2 f5
16.f4 exf4 17.exf4 Qh4 18.Rae1 Bd7 19.Qc2 Qf6 20.Re3 Qf7 21.Nh5 Rae8 22.Rg3 Re7
23.Qf2 Qe8 24.Rb1 Nh8 25.Rh3 b6 26.Rb2 Re1+ 27.Bf1 Rf7 28.Re2 Rxe2 29.Qxe2 Re7
30.Qd2 Ng6 31.Kf2 Nf8 32.Bd3 Nh7 33.Ng3 Qf8 34.Kg1 g6 35.Nf1 Nf6 36.Re3 Kf7
37.Qe2 a6 38.Qb2 Rxe3 39.Nxe3 b5 40.cxb5 axb5 41.c4 Qe7 42.Qd2 b4 43.g3 Ne4
44.Bxe4 Qxe4 45.Qe2 Bc8 46.Kf2 Ba6 47.Qf3 Qd4 48.Qe2 Ke7 49.Qc2 Bc8 50.h4 Bd7
51.Ke2 h5 52.Qb3  1/2-1/2

[Event "Leeuwarden m"]
[Site "Leeuwarden"]
[Date "1976.??.??"]
[Round "6"]
[White "Kortschnoj, Viktor"]
[Black "Timman, Jan H"]
[Result "1/2-1/2"]
[WhiteElo "2670"]
[BlackElo "2550"]

1.c4 Nf6 2.Nc3 g6 3.Nf3 d5 4.cxd5 Nxd5 5.e4 Nxc3 6.bxc3 Bg7 7.Ba3 b6 8.Bc4 O-O
9.O-O Nc6 10.d4 Na5 11.Bd3 Qd7 12.Qe2 Bb7 13.Rad1 Rfd8 14.d5 c6 15.Bb4 cxd5
16.exd5 Bxd5 17.Bxa5 bxa5 18.Be4 Qe6 19.Ng5 Qe5 20.Rxd5 Rxd5 21.Nxf7 Kxf7
22.Qf3+ Ke6 23.c4 Rd2 24.Bxa8 Rxa2 25.c5 Ra1 26.Qg4+ Kf6 27.Qf3+ Ke6 28.Qb3+ Kf6  1/2-1/2

[Event "Bad Lauterberg"]
[Site "Bad Lauterberg"]
[Date "1977.??.??"]
[Round "4"]
[White "Timman, Jan H"]
[Black "Olafsson, Fridrik"]
[Result "1/2-1/2"]
[WhiteElo "2590"]
[BlackElo "2560"]

1.d4 d5 2.c4 e6 3.Nc3 Bb4 4.a3 Bxc3+ 5.bxc3 c5 6.e3 Nc6 7.cxd5 exd5 8.Bd3 Nge7
9.Qh5 Qa5 10.Bd2 c4 11.Bc2 g6 12.Qg5 Bf5 13.Bxf5 Nxf5 14.Qf6 O-O 15.g4 Ng7
16.Ne2 Qd8 17.Qf3 Qd7 18.Nf4 Rad8 19.h4 f5 20.g5 Ne6 21.h5 Nxf4 22.Qxf4 Ne7
23.Kf1 gxh5 24.Rxh5 Ng6 25.Qh2 Rf7 26.a4 Re8 27.f4 Re6 28.a5 Ra6 29.Ke2 b6
30.Rh6 Rxa5 31.Rxa5 bxa5 32.Kf2 a4 33.Kg3 a3 34.Bc1 Qa4 35.Qh5 Rg7 36.Rxh7 Rxh7
37.Qxg6+ Kh8 38.Qf6+ Rg7 39.Qf8+ Kh7 40.Qxf5+ Rg6 41.Qf7+ Rg7 42.Qf5+ Rg6
43.Kh4 Qd1  1/2-1/2

[Event "Bad Lauterberg"]
[Site "Bad Lauterberg"]
[Date "1977.??.??"]
[Round "5"]
[White "Wockenfuss, Klaus"]
[Black "Timman, Jan H"]
[Result "0-1"]
[WhiteElo "2350"]
[BlackElo "2590"]

1.d4 Nf6 2.Nc3 d5 3.Bg5 Nbd7 4.f3 c5 5.dxc5 Qa5 6.Bxf6 Nxf6 7.Qd4 e5 8.Qxe5+ Be6
9.e4 Bxc5 10.Bb5+ Kf8 11.O-O-O Be3+ 12.Kb1 d4 13.Qd6+ Kg8 14.b4 Qa3 15.Nd5 Nxd5
16.exd5 Bf5 17.Ne2 a5 18.Nxd4 axb4 19.Bc4 Bxd4 20.Rxd4 Bxc2+ 21.Kxc2 b3+  0-1

[Event "Bad Lauterberg"]
[Site "Bad Lauterberg"]
[Date "1977.??.??"]
[Round "7"]
[White "Gerusel, Mathias"]
[Black "Timman, Jan H"]
[Result "1-0"]
[WhiteElo "2420"]
[BlackElo "2590"]

1.d4 Nf6 2.c4 e6 3.Nc3 Bb4 4.Qc2 c5 5.dxc5 O-O 6.Bf4 Na6 7.Bd6 Re8 8.a3 Qa5
9.Rc1 Bxc3+ 10.Qxc3 Qxc3+ 11.Rxc3 Ne4 12.Rc2 Naxc5 13.Bxc5 Nxc5 14.b4 Na4
15.e3 a5 16.Nf3 b6 17.Nd4 Ba6 18.Be2 Rec8 19.Kd2 g6 20.Rhc1 Kf8 21.Bf3 Rab8
22.Bd1 Ke7 23.Ra2 Bxc4 24.Rxc4 Rxc4 25.Bxa4 axb4 26.Bb3 Rc3 27.axb4 Rbc8
28.Ra3 g5 29.Ne2 R3c6 30.Bd1 Rc4 31.Rb3 Ra8 32.Nc3 Rc6 33.Bf3 d5 34.Bd1 f5
35.h3 Ra1 36.g3 Rc8 37.h4 gxh4 38.gxh4 Rc4 39.h5 d4 40.Ne2 dxe3+ 41.fxe3 Kf6
42.Nd4 Ra2+ 43.Nc2 h6 44.Kc1 Ra1+ 45.Kd2 Ra2 46.Kc1 Ke5 47.Rd3 Rc6 48.Kb1 Ra4
49.Kb2 Rd6 50.Nd4 Rxb4+ 51.Kc3 Rb1 52.Nf3+  1-0

[Event "Bad Lauterberg"]
[Site "Bad Lauterberg"]
[Date "1977.??.??"]
[Round "8"]
[White "Timman, Jan H"]
[Black "Gligoric, Svetozar"]
[Result "1/2-1/2"]
[WhiteElo "2590"]
[BlackElo "2565"]

1.e4 e5 2.Nf3 Nc6 3.Bc4 Nf6 4.Ng5 d5 5.exd5 Na5 6.Bb5+ c6 7.dxc6 bxc6 8.Be2 h6
9.Nf3 e4 10.Ne5 Bd6 11.f4 O-O 12.O-O Qc7 13.Nc3 Bf5 14.a3 Nd5 15.b4 Nb7 16.Bb2 Rae8
17.g3 a5 18.Nc4 axb4 19.Nxd5 cxd5 20.Nxd6 Qb6+ 21.Kg2 Nxd6 22.axb4 Nc4 23.Bxc4 dxc4
24.Qh5 Qe6 25.Ra5 Bg4 26.f5 Bf3+ 27.Kh3 Qd7 28.Rxf3 exf3 29.Qg4 f6 30.Qxc4+ Kh8
31.Qd5 Qxd5 32.Rxd5 Re1 33.Bd4 Rfe8 34.Kg4 Rf1 35.Kf4 Re2 36.Be3 Rxh2 37.b5 f2
38.Kf3 Rc1 39.Bxf2 Rf1 40.c4 Rfxf2+ 41.Ke3 Re2+ 42.Kd4 Rxd2+ 43.Kc5 Rb2 44.Kc6 Rhc2
45.c5 Rc3 46.Kb6 h5 47.c6 Rbc2 48.Kc7 Kh7 49.Rd6 Rxg3 50.b6 Rb3 51.b7 Rcb2
52.Rd4 Rb5 53.Ra4 Rb1 54.Rd4 R1b3 55.Ra4 Rb2 56.Rd4 R5b3 57.Ra4 Rb1  1/2-1/2

[Event "Bad Lauterberg"]
[Site "Bad Lauterberg"]
[Date "1977.??.??"]
[Round "9"]
[White "Liberzon, Vladimir M"]
[Black "Timman, Jan H"]
[Result "0-1"]
[WhiteElo "2550"]
[BlackElo "2590"]

1.e4 d6 2.d4 Nf6 3.Nc3 g6 4.Nf3 Bg7 5.Be2 O-O 6.O-O Bg4 7.Be3 Nc6 8.d5 Bxf3
9.Bxf3 Ne5 10.Be2 c6 11.a4 Qa5 12.Ra3 Ned7 13.Re1 Rfc8 14.Bf1 a6 15.g3 cxd5
16.exd5 Ne5 17.Rb3 Ne4 18.Bd4 Nc5 19.Bxc5 Qxc5 20.Rxb7 Rcb8 21.Ne4 Qa5 22.b4 Qxa4
23.Rxb8+ Rxb8 24.c3 Qa3 25.f4 Nd7 26.Qc1 Qa2 27.Rd1 a5 28.bxa5 Qxa5 29.Kh1 Nf6
30.Qa1 Qb6 31.Nxf6+ Bxf6 32.Qa2 Bxc3 33.Qc2 Qa5 34.Bg2 Rb2 35.Qe4 Qa2 36.h4 Re2
37.Qf3 Bf6 38.Kg1 Qc2 39.Bf1 Qxd1 40.Qxe2 Qxd5 41.Kh2 Kg7 42.Bg2 Qc5 43.Be4 e6
44.Bd3 Qd4 45.Kh3 Qg1 46.Qf1 Qxf1+ 47.Bxf1 Bc3 48.Be2 Bd2 49.Bc4 Kf6 50.Kg4 h6
51.Kf3 Be1 52.Bb3 Ke7 53.Bc2 f5 54.Kg2 Kf6 55.Ba4 e5 56.fxe5+ dxe5 57.Be8 e4
58.Bc6 Ke5 59.Be8 g5 60.hxg5 hxg5 61.Bg6 g4 62.Be8 e3 63.Ba4 Bxg3 64.Kxg3 f4+  0-1